Murallas de Valencia (Record no. 132753)

MARC details
000 -LEADER
campo de control de longitud fija 00633nam a2200169 4500
001 - NÚMERO DE CONTROL
campo de control 132753
003 - IDENTIFICADOR DE NÚMERO DE CONTROL
campo de control ES-MaACL
005 - FECHA Y HORA DE LA ÚLTIMA TRANSACCIÓN
campo de control 20230906194237.0
007 - CAMPO FIJO DE DESCRIPCIÓN FÍSICA--INFORMACIÓN GENERAL
campo de control de longitud fija t|
008 - DATOS DE LONGITUD FIJA--INFORMACIÓN GENERAL
campo de control de longitud fija 070214q1948 sp r ||||1| spa d
100 1# - ENTRADA PRINCIPAL--NOMBRE DE PERSONA
Nombre de persona Ros y Fillol, Godofredo.
9 (RLIN) 99598
245 10 - MENCIÓN DEL TÍTULO
Título Murallas de Valencia
Resto del título : segunda conferencia del ciclo organizado por el Gobierno Militar de Valencia, dada el día 18 de mayo del año 1948 /
Mención de responsabilidad, etc. por Godofredo Ros y Fillol.
260 ## - PUBLICACIÓN, DISTRIBUCIÓN, ETC.
Lugar de publicación, distribución, etc. Valencia :
Nombre del editor, distribuidor, etc. J. Doménech,
Fecha de publicación, distribución, etc. [1948?]
300 ## - DESCRIPCIÓN FÍSICA
Extensión 31 p., 1 lám. :
Otras características físicas il.
710 2# - ENTRADA AGREGADA--NOMBRE DE ENTIDAD CORPORATIVA
Nombre de entidad corporativa o nombre de jurisdicción como elemento de entrada Valencia (Provincia).
Unidad subordinada Gobierno Militar.
9 (RLIN) 7540
852 ## - LOCALIZACIÓN
Ubicación ES-MaACL
Número de control de estantería 1928-F-20
Sublocalización o colección R.31156
Holdings
Estatus retirado Estado de pérdida Estado de daño No para préstamo Colección Biblioteca de origen Biblioteca actual Ubicación en estantería Fecha de adquisición Fuente de adquisición Total de préstamos Signatura topográfica completa Código de barras Visto por última vez Precio de reemplazo Tipo de ítem Koha
        Colección de folletos Biblioteca del Ateneo de Madrid Biblioteca del Ateneo de Madrid Depósito folletos 17/01/2008     1928-F-20 1138207 23/02/2023 23/02/2023 Folleto